|
|
|
|
| LEADER |
00000nsc a2200000 a 4500 |
| 001 |
Asi1090-2 |
| 005 |
20230308215822.0 |
| 008 |
011102|2011 ||||||||r|||||||||||spa|| |
| 020 |
|
|
|a 9789978672969
|
| 040 |
|
|
|b spa
|
| 041 |
1 |
|
|a spa
|
| 082 |
0 |
|
|a 362.74
|
| 100 |
1 |
|
|a Cerbino, Mauro
|9 65157
|
| 245 |
0 |
0 |
|a Política pública y proyectos modelos de intervención con jóvenes
|c Mauro Cerbino, coordinador
|h imp
|n volumen 2
|
| 264 |
|
|
|a Quito
|b Flacso
|c 2011
|
| 300 |
|
|
|a 209 páginas:
|c 21 cm
|
| 650 |
|
|
|a Pandillas juveniles
|9 42488
|
| 650 |
|
|
|a Violencia juvenil
|9 26778
|
| 650 |
|
|
|a Mundo globalizado
|9 303542
|
| 650 |
|
|
|a Juventudes y resistencias
|9 303543
|
| 650 |
|
|
|a Conocimiento sobre jovenes
|9 303544
|
| 773 |
|
|
|g 209 páginas:
|t Mas alla de las pandillas: violencias, juventudes y resistencias en el mundo globalizado
|
| 852 |
|
|
|a UC-YANUNCAY
|c SALA 2 ARTES
|f Donación
|k jhoanna.mogollon
|l 1
|m General
|p 20111027
|q 1,00
|r 2
|t Asi1090-2
|b 0
|d CDRY
|e CDRY
|g 362.74 SALA 2 ARTES
|z 2011-11-02
|
| 942 |
|
|
|
| 999 |
|
|
|c 132043
|d 132043
|